Представление документа в формате RUSMARC

ПолеНазваниеЗначение
  Тип записи a
  Библиографический уровень m
001 Контрольный номер b26bb24c82f34300a8a0765005974e90
005 Дата корректировки 20140708163358.4
010 Индекс ISBN __
a ISBN 978-5-16-005760-6
101 Язык документа 0_
a Язык текста rus
102 Страна публикации __
a Страна публикации RU
200 Заглавие и сведения об ответственности 1_
a Заглавие Экономика и организация малого и среднего бизнеса
b Общее обозначение материала Текст
e Сведения, относящиеся к заглавию учебное пособие
f Первые сведения об ответственности Н.М. Филимонова, Н.В. Моргунова, Е.С. Никишина
210 Выходные данные 1_
a Место издания Москва
c Издательство Инфра-М
d Дата издания 2013
215 Физическое описание __
a Объем 222 с.
225 Серия 2_
a Серия Высшее образование
610 Ключевые слова 0_
a Ключевые слова Экономика и организация малого и среднего бизнеса
686 Индексы других классификаций __
a Классификационный индекс 65.291
700 Автор _1
a Фамилия Филимонова
b Имя Н.М.
702 Вторичная интеллектуальная ответственность _1
a Фамилия Моргунова
b Имя Н.В.
702 Вторичная интеллектуальная ответственность _1
a Фамилия Никишина
b Имя Е.С.
801 Источник записи _0
a Страна RU
b Организация РУК
g Правила каталогизации PSBO
801 Источник записи _1
a Страна RU
b Организация РУК
g Правила каталогизации PSBO
852 Данные о местонахождении __
i Авторский знак Ф 53
j Шифр хранения 65.291
901 Тип документа __
t Тип документа m
937 Технологическая информация __
a Создатель записи (имя) Ивашова
938 Служебная информация __
a Название организации Ивановский филиал